Teoría de la arquitectura: del renacimiento a la actualidad, 89 artículos sobre 117 tratados

Saved in:
Bibliografiske detaljer
Format: Bog
Sprog:spansk
Udgivet: Colonia Taschen 2003
Fag:
Tags: Tilføj Tag
Ingen Tags, Vær først til at tagge denne postø!

MARC

LEADER 00000nam a2200000 a 4500
001 UCL5976
003 CL-VaPUC
008 040326e20030000GW |||||||||||||||||spa|d
020 |a 3822825220 
082 0 4 |a 720.1  |b TEO  |2 21 
245 1 0 |a Teoría de la arquitectura: del renacimiento a la actualidad, 89 artículos sobre 117 tratados 
300 |a 845 p 
942 |c BK 
945 |d 20040326 00:00:00  |a cmena 
260 |a Colonia  |b Taschen  |c 2003 
650 7 |a TEORIA ARQUITECTONICA  |2 CL-VaPUC  |9 483693 
650 0 |a Historia de la arquitectura  |9 266241 
650 0 |a Estilos artísticos  |9 340996 
583 |a last modification  |c 20040326 00:00:00  |k Rodrigo Vera 
999 |c 308290  |d 308288 
952 |0 0  |1 0  |4 0  |6 720_100000000000000_TEO_2003  |7 0  |8 A  |9 374651  |a BIBARQ  |b BIBARQ  |d 2019-11-21  |i 3998347  |o 720.1 TEO 2003  |p 3998347  |r 2025-01-20  |w 2019-11-21  |y BK  |k ARQ